Çin kaynaklarına göre Sui-Tang Hanedanlıkları döneminde Çin kültürüne katkı sağlayan Orta Asya kökenli kişiler / (Record no. 15919)

MARC details
000 -BAŞLIK
Sabit Uzunlukta Kontrol Alanı 00988nam a22002417a 4500
999 ## - SİSTEM KONTROL NUMARALARI (KOHA)
Koha Biblionumber 15919
Koha Biblioitemnumber 15920
003 - KONTROL NUMARASI IDENTIFIER
Denetim Alanı MIRAKIL
005 - SON İŞLEM TARİHİ VE ZAMANI
Denetim Alanı 20240429120758.0
008 - SABİT-BOY VERİ ELEMANLARI - GENEL BİLGİLER
Sabit Uzunlukta Kontrol Alanı 240422b tu ||||| |||| 00| 0 tur d
020 ## - ULUSLARARASI STANDART KİTAP NUMARASI
Uluslararası Standart Kitap Numarası 9789751749727
040 ## - KATALOGLAMA KAYNAK
Orijinal Kataloglama Ajansı TR-AnCHP
Metne Dönüştürmek Ajansı TR-AnCHP
041 ## - DİL KODU
Metin / Ses Parça Veya Ayrı Başlığın Dil Kodu tur
082 ## - DEWEY ONLU SINIFLANDIRMA NUMARASI
Sınıflandırma Numarası 951.010099
Ürün Numarası O42ç 2021
100 ## - ANA GİRİŞ - KİŞİSEL İSİM
Kişisel Ad Okay, Bülent
245 10 - BAŞLIK TABLOSU
Başlık Çin kaynaklarına göre Sui-Tang Hanedanlıkları döneminde Çin kültürüne katkı sağlayan Orta Asya kökenli kişiler /
Sorumluluk Tablosu, Vb Bülent Okay
246 ## - UNVAN FORM VARYING
Başlık Doğru / Kısa Başlığı Çin kültürüne katkı sağlayan Orta Asya kökenli kişiler
260 ## - YAYIN, DAĞITIM, VB
Yayın, Dağıtım, Vb Yeri Ankara :
Yayıncı, Dağıtıcı, Vs Adı Türk Tarih Kurumu,
Yayın, Dağıtım, Vb Tarihi 2021
300 ## - FİZİKSEL TANIM
Kapsam xvii, 135 sayfa ;
Boyutlar 21 cm
490 0# - SERİSİ TABLOSU
Seri Beyanı Atatürk Kültür, Dil ve Tarih Yüksek Kurumu Türk Tarih Kurumu Yayınları, IV/A-1.8. dizi ;
Hacim / Ardışık Tanımı sayı: 7
504 ## - KAYNAKÇA VB NOT
Kaynakça Vb Notu Kaynakça: 111-120. sayfa<br/>
651 #0 - KONU KATMA GİRİŞ - COĞRAFİ ADI
9 (RLIN) 8001
Coğrafi İsim Çin
Genel Alt Bölümü Sui Hanedanı Dönemi
Kronolojik Alt Bölümü 581-618
856 ## - ELEKTRONİK YER VE ERİŞİM
Kamu Notu Dijital Nüshası için Partimizin Kütüphane Sorumlusu ile iletişime geçiniz.
942 ## - EKLENDİ GİRİŞ ELEMANLARI (KOHA)
Sınıflandırma Veya Raf Düzeni Kaynak Dewey Decimal Classification
Koha Öğesi Türü Books
Holdings
Kalıcı Konum Mevcut Konum Edinme Tarihi Toplam Check-Out'Lar Tam Çağrı Numarası Barkod Tarih Son Görülme İtibaren Geçerli Fiyatlar Koha Öğesi Türü
CHP Kütüphanesi CHP Kütüphanesi 04/22/2024   951.010099 O42ç 2021 21870 04/22/2024 04/22/2024 Books